000 00403nam a22001457a 4500
008 250915b |||||||| |||| 00| 0 eng d
020 _a9780446558730
050 _aBV4597.53
_b.L43
100 _aMunroe Myles
245 _aPassing it on
260 _aLondon
_bFaith works
_c2011
300 _axii,243p.
650 _aleadership-religious aspects-christianity
_vleadership-biblical teaching
942 _cBK
999 _c4478
_d4478